Регионална библиотека "Любен Каравелов" - Русе

The American Journey of Barack Obama (Запис номер 90201)

MARC детайли
000 -Лидер
Контролно поле с фиксирана дължина 01560nam a2200433 c 4500
003 - Код на организацията, давaща контролен номер
Контролно поле BLK
005 - Дата и час на последна редакция
Контролно поле 20180420225234.0
008 - Елементи от данни с фиксирана дължина
fixed length control field 180408b bul|||||r ||||||| ||bul||
010 ## - Наследен системен номер
LC control number KNG00094934000
020 ## - Международен стандартен номер на книга ISBN
Международен стандартен номер на книга ISBN 978-0-316-04560-5
-- издат.: Little, Brown and Co
040 ## - Източник на каталожния запис
Идентификатор на билиотеката - собственик на записа BLK
041 ## - Код за език
Код за езика на текст/звукозапис или на отделно заглавие Английски
Код за езика КДБФ Английски
080 ## - УДК
Текстов определител УДК Политика. Вж и 341 ; 342
УДК код - определител по УДК 32
УДК определител (73)(092)
УДК - код + определител 32(73)(092)
080 ## - УДК
Текстов определител УДК 44-ти американски президент
УДК код - определител по УДК 929 Обама, Барак
УДК определител
УДК - код + определител 929 Обама, Барак
139 ## - Редно поле
Редна дума The American Journey of Barack Obama
Авторски знак Ob - O 12
245 10 - Сведения за заглавието
Заглавие The American Journey of Barack Obama
Редно поле (дума) ed. by Robert Sullivan; forew. Edward M. Kennedy.
257 ## - Страна на издаване
Страна на създаване/издаване Съединени американски щати
260 ## - Област на издателските данни
-- New York et al.
Име на издателя, разпространителя и проч. Little, Brown and Co
Година на издаване 2008
300 ## - Физическа характеристика
Страници 176 p.
Илюстрации и др. ill.
Размери/Мащаб 28 cm
380 ## - Жанр
Жанр Обществени науки
500 ## - Общи забележки
Забележка 1st publ. oct. 2008 under the title Obama : a Moment in Time. - Ed. by Life Books.
600 14 - Име на лице, използвано като предмет
За него / За нея Обама, Барак
9 (RLIN) 104169
650 #4 - Допълнително описание по предмет – тема
Основно описание – тема или топоним Президенти - САЩ
9 (RLIN) 247820
650 #4 - Допълнително описание по предмет – тема
Основно описание – тема или топоним Политици, американски - биографии
9 (RLIN) 267571
650 #4 - Допълнително описание по предмет – тема
Основно описание – тема или топоним Обама, Барак
9 (RLIN) 104169
651 #4 - Допълнително описание по предмет - топоним
Географско понятие САЩ
9 (RLIN) 179493
653 ## - Ключова дума – ненормативна
Ключова дума Барак Обама
653 ## - Ключова дума – ненормативна
Ключова дума президенти
653 ## - Ключова дума – ненормативна
Ключова дума политици
653 ## - Ключова дума – ненормативна
Ключова дума биографии
653 ## - Ключова дума – ненормативна
Ключова дума САЩ
700 1# - Други автори (авторска отговорност)
Лично име Sullivan, Robert
Автороска отговорност (Описва отношението между автора и произведението) ed. by
9 (RLIN) 303876
700 1# - Други автори (авторска отговорност)
Лично име Kennedy, Edward M.
Автороска отговорност (Описва отношението между автора и произведението) forew.
9 (RLIN) 303877
852 ## - Местоположение
Форматна сигнатура Цб ІІ 16120
856 4# - Електронен адрес и достъп
Електронен формат pdf - файл
Път до файла /url/
856 4# - Електронен адрес и достъп
Електронен формат pdf - файл
Път до файла /url/
942 ## - АРТИКУЛИ
Вид на библиотечния материал Книги
Скрит в OPAC Не
944 ## - СЪЗДАВАНЕ И РЕДАКЦИЯ на ЗАПИСА
Създаване/Редакция Създаване
Дата на регистрацията/редакция 22.03.2010
Статус, дата на статуса ф /
Служител, извършил регистрацията/редакцията Виолета_Тройчева
944 ## - СЪЗДАВАНЕ И РЕДАКЦИЯ на ЗАПИСА
Създаване/Редакция Редакция
Дата на регистрацията/редакция 19.10.2011
Статус, дата на статуса ф /
Служител, извършил регистрацията/редакцията
999 ## - СИСТЕМНИ КОНТРОЛНИ НОМЕРА
Koha biblionumber 90201
Koha biblioitemnumber 90201
Наличности
Код за отписване Код за изгубен артикул Код за повреда Коз за рестрикции Код за отдаване Артикулен № Име на библиотеката - собственик Име на библиотеката, в която се намира в момента Статус (Текущо местоположение) Дата на вписване в системата Местоположение - отдел Цена в лева Инвентарен номер Систематично азбучна сигнатура Баркод Номер на екземпляра Цена в евро Служебна бележка Служебен тип на артикула
  Не е изгубен Не е повреден без рестрикции заемане за дома 145828 Регионална библиотека "Любен Каравелов" Русе Регионална библиотека "Любен Каравелов" Русе ЧЧЗО - англ. ез. - Британски съвет 2010-03-22 ЧЧЗО - англ. ез. - Британски съвет 14.40 120000742818 Ч3 32(092)/O 12 120000742818 1 7.36 Дост: DA Вид: А N: 9 Дата: 22.03.2010 Дата инв: 20.03.2015 Бележки инв: Ч32015 Книги
Vip Innovations Ltd, Rousse, Bulgaria 2025